Social media marketing for dummies (Record no. 76967)
[ view plain ]
| 000 -LEADER | |
|---|---|
| fixed length control field | 00910nam a22003017a 4500 |
| 003 - CONTROL NUMBER IDENTIFIER | |
| control field | CBULib |
| 005 - DATE AND TIME OF LATEST TRANSACTION | |
| control field | 20240923143240.0 |
| 008 - FIXED-LENGTH DATA ELEMENTS--GENERAL INFORMATION | |
| fixed length control field | 230425b |||||||| |||| 00| 0 eng d |
| 020 ## - INTERNATIONAL STANDARD BOOK NUMBER | |
| International Standard Book Number | 9781119617006 |
| 040 ## - CATALOGING SOURCE | |
| Original cataloging agency | CBULib |
| Transcribing agency | CBULib |
| Language of cataloging | English |
| Description conventions | rda |
| 041 ## - LANGUAGE CODE | |
| Language code of text/sound track or separate title | eng |
| 050 ## - LIBRARY OF CONGRESS CALL NUMBER | |
| Classification number | HF 5415.1265 Sin |
| 100 ## - MAIN ENTRY--PERSONAL NAME | |
| Personal name | Singh, Shiv |
| 9 (RLIN) | 582 |
| 245 ## - TITLE STATEMENT | |
| Title | Social media marketing for dummies |
| Statement of responsibility, etc | / by Shiv Singh and Stephanie Diamond |
| 250 ## - EDITION STATEMENT | |
| Edition statement | 4th edition |
| 260 ## - PUBLICATION, DISTRIBUTION, ETC. (IMPRINT) | |
| Place of publication, distribution, etc | New Jersey : |
| Name of publisher, distributor, etc | John Wiley & Sons, |
| Date of publication, distribution, etc | 2020 |
| 300 ## - PHYSICAL DESCRIPTION | |
| Extent | xiii, 430 pages : illustrations |
| 336 ## - CONTENT TYPE | |
| Source | rdacontent |
| Content type term | Text | |
| Content type code | txt |
| 337 ## - MEDIA TYPE | |
| Source | rdamedia |
| Media type term | Unmediated | |
| Media type code | n |
| 338 ## - CARRIER TYPE | |
| Source | rdacarrier |
| Carrier type term | Volume |
| Carrier type code | nc |
| 490 ## - SERIES STATEMENT | |
| Series statement | For dummies |
| 504 ## - BIBLIOGRAPHY, ETC. NOTE | |
| Bibliography, etc | includes index. |
| 650 #0 - SUBJECT ADDED ENTRY--TOPICAL TERM | |
| Topical term or geographic name as entry element | INTERNET MARKETING |
| 9 (RLIN) | 583 |
| 650 #0 - SUBJECT ADDED ENTRY--TOPICAL TERM | |
| Topical term or geographic name as entry element | ONLINE SOCIAL NETWORKS |
| 9 (RLIN) | 584 |
| 650 #0 - SUBJECT ADDED ENTRY--TOPICAL TERM | |
| Topical term or geographic name as entry element | CONSUMER BEHAVIOUR |
| 9 (RLIN) | 585 |
| 700 1# - ADDED ENTRY--PERSONAL NAME | |
| Personal name | Diamond, Stephanie |
| 9 (RLIN) | 586 |
| 942 ## - ADDED ENTRY ELEMENTS (KOHA) | |
| Koha item type | MONOGRAPH |
| Source of classification or shelving scheme | |
| Withdrawn status | Lost status | Source of classification or shelving scheme | Damaged status | Not for loan | Collection code | Permanent Location | Current Location | Shelving location | Date acquired | Source of acquisition | Cost, normal purchase price | Full call number | Barcode | Date last seen | Copy number | Cost, replacement price | Price effective from | Koha item type | Total Checkouts | Date checked out |
|---|---|---|---|---|---|---|---|---|---|---|---|---|---|---|---|---|---|---|---|---|
| CBU-Lusaka Campus | CBU- LUSAKA CAMPUS | CBU- LUSAKA CAMPUS | General Stacks | 09/23/2024 | DON-BOOKAID | 37.04 | HF 5415.1265 Sin | 752843 | 09/23/2024 | 6 | 09/23/2024 | MONOGRAPH | ||||||||
| Main Library Open Access Collection | CBU-MAIN LIBRARY, KITWE. | CBU-MAIN LIBRARY, KITWE. | General Stacks | 04/25/2023 | DON-BOOKAID | 37.04 | HF 5415.1265 Sin | 751887 | 04/25/2023 | 1 | 44.45 | 04/25/2023 | MONOGRAPH | |||||||
| Main Library Open Access Collection | CBU-MAIN LIBRARY, KITWE. | CBU-MAIN LIBRARY, KITWE. | General Stacks | 04/25/2023 | DON-BOOKAID | 37.04 | HF 5415.1265 Sin | 751888 | 07/12/2024 | 2 | 44.45 | 04/25/2023 | MONOGRAPH | 1 | 07/06/2024 | |||||
| Mpika Library Collection | CBU-MPIKA LIBRARY, MPIKA CAMPUS. | CBU-MAIN LIBRARY, KITWE. | General Stacks | 05/04/2023 | DON-BOOKAID | HF 5415.1265 Sin | 751885 | 05/04/2023 | 3 | 05/04/2023 | MONOGRAPH | |||||||||
| CBU-Lusaka Campus | CBU- LUSAKA CAMPUS | CBU-MAIN LIBRARY, KITWE. | General Stacks | 09/23/2024 | DON-BOOKAID | 37.04 | HF 5415.1265 Sin | 752842 | 09/23/2024 | 5 | 09/23/2024 | MONOGRAPH | ||||||||
| Mpika Library Collection | CBU-MAIN LIBRARY, KITWE. | CBU-MPIKA LIBRARY, MPIKA CAMPUS. | General Stacks | 05/04/2023 | DON-BOOKAID | HF 5415.1265 Sin | 751886 | 05/04/2023 | 4 | 05/04/2023 | MONOGRAPH |